Ιστορία της μεσαιωνικής γραμματείας των ορθόδοξων σλάβων

Αποθηκεύτηκε σε:
Λεπτομέρειες βιβλιογραφικής εγγραφής
Κύριος συγγραφέας: Ευαγγέλου, Ηλίας Γ.
Μορφή: Βιβλίο
Γλώσσα:Greek
Δημοσίευση: Αθήνα : Κυριακίδης, 2017.
Θέματα:
Ετικέτες: Προσθήκη ετικέτας
Δεν υπάρχουν, Καταχωρήστε ετικέτα πρώτοι!

MARC

LEADER 00000cam a2200000 a 4500
001 1/116512
008 180515s2017####gr | ||| |||| ||gre||
020 |a 9789606020674 
040 |a GR-MyUa  |b gre  |c GR-MyUa  |e AACR2 
041 0 |a gre 
082 7 |a 274.96   |2 (23) 
100 1 |a Ευαγγέλου, Ηλίας Γ. 
245 1 0 |a Ιστορία της μεσαιωνικής γραμματείας των ορθόδοξων σλάβων /   |c Ηλία Γ. Ευαγγέλου.  
260 |a Αθήνα :   |b Κυριακίδης,   |c 2017.  
300 |a 326 σ. ;  |c 24 εκ.  
610 2 0 |a Orthodox Eastern Church  |x History. 
650 0 |a Church history. 
650 0 |a Church history  |x Sources. 
650 0 |a Slavs  |x History. 
852 |a INST  |b LESVOS  |c EUDOXUS  |e 20180515  |h 274.96 ΕΥΑ  |p 005100060270  |q 005100060270  |t EDX  |y 0 
920 |a Εύδοξος  |b Παραγγελία  |y Λέσβος-ΤΚΑΙ  |z 2018-04 
970 |z 15-05-2018